000 00302nam a2200121Ia 4500
008 220204s9999 xx 000 0 und d
082 _a031
_bYAM
100 _aYamane, Tare
245 0 _aStatistics: An introductory analysis
250 _aEd.3
260 _aNew York
_bHarper and Row
_c1973
942 _cBK
999 _c24791
_d24791